Normal view
MARC view
- Iqbal, Javed
Entry Personal Name
001 - CONTROL NUMBER
- control field: 3552
003 - CONTROL NUMBER IDENTIFIER
- control field: NUST
005 - DATE AND TIME OF LATEST TRANSACTION
- control field: 20170724115206.0
008 - FIXED-LENGTH DATA ELEMENTS
- fixed length control field: 170724|| aca||aabn | a|a d
040 ## - CATALOGING SOURCE
- Original cataloging agency: NUST
- Transcribing agency: NUST
100 ## - HEADING--PERSONAL NAME
- Personal name: Iqbal, Javed
670 ## - SOURCE DATA FOUND
- Source citation: Work cat.: (NUST): Iqbal, Javed, Tobacco noshi, 2008
